| 000 | 00607nam a22001697a 4500 | ||
|---|---|---|---|
| 003 | OSt | ||
| 005 | 20241220150700.0 | ||
| 008 | 241220b |||||||| |||| 00| 0 eng d | ||
| 041 | _aEnglish | ||
| 082 | _aPM/PR/15 Acc. No. 10,770 | ||
| 110 | _aMinistry Of Foreign Affairs And Regional Integration | ||
| 245 | _aThe Accession Of The Hague Convention Of 29th May 1993 On The Protection Of Children In Respect Of Inter Country Adoption | ||
| 260 |
_aAccra _bParliament Of Ghana _c23rd April, 2015 |
||
| 300 | _a9P | ||
| 650 | _2Protection Of Children In Respect Of Inter Country Adoption | ||
| 942 |
_2ddc _cCR _n0 |
||
| 999 |
_c5009 _d5009 |
||